Tikmay ajw = (Record no. 209996)
[ view plain ]
| 000 -CABECERA | |
|---|---|
| campo de control de longitud fija | 00821nam a2200241 a 4500 |
| 005 - FECHA Y HORA DE LA ÚLTIMA TRANSACCIÓN | |
| campo de control | 20231028063800.0 |
| 008 - DATOS DE LONGITUD FIJA--INFORMACIÓN GENERAL | |
| campo de control de longitud fija | 230811t2001 mx a||||r|||| 000 0 spa d |
| 020 ## - NÚMERO INTERNACIONAL NORMALIZADO PARA LIBROS | |
| Número Internacional Normalizado del libro | 9701870514 |
| 040 ## - FUENTE DE CATALOGACIÓN | |
| Agencia de catalogación original | MX-MxUPN |
| Idioma de catalogación | spa |
| Agencia que realiza la transcripción | MX-MxUPN |
| 041 0# - | |
| -- | Popoluca |
| -- | spa |
| 050 14 - | |
| -- | LB1578.369 P65 |
| -- | T55 2001 |
| 245 00 - MENCIÓN DE TÍTULO | |
| Título | Tikmay ajw = |
| Parte restante del título | Fabulario : mixe-popoluca/español, Sayula de Alemán, Ver. |
| 246 11 - FORMA VARIANTE DE TÍTULO | |
| Título propio/Título breve | Fabulario |
| 260 ## - PUBLICACION, DISTRIBUCION, ETC. (PIE DE IMPRENTA) | |
| Lugar de publicación, distribución, etc. | Xalapa, Veracruz : |
| Nombre del editor, distribuidor, etc. | Secretaría de Educación y Cultura, |
| Fecha de publicación, distribución, etc. | ©2001. |
| 300 ## - DESCRIPCIÓN FÍSICA | |
| Extensión | 75 páginas : |
| Otros detalles físicos | ilustraciones |
| 650 #4 - | |
| -- | Popoluca |
| -- | Estudio y enseñanza (Elemental) |
| -- | 1488 |
| 650 #4 - | |
| -- | Cartilla popoluca |
| -- | 8182 |
| 700 1# - | |
| -- | Vicenté Zetina, Remedios |
| -- | 50475 |
| -- | compilación |
| 902 ## - ELEMENTOS DE DATOS B LOCAL, LDB (RLIN) | |
| Creó | MarielOrtiz/110823 |
| Modificó | Víctor Ruiz/271023 |
| 942 ## - ELEMENTOS DE PUNTO DE ACCESO ADICIONAL (KOHA) | |
| Fuente del sistema de clasificación o colocación | Library of Congress Classification |
| Tipo de ítem Koha | Libro |
| Estado de retiro | Estado de pérdida | Fuente del sistema de clasificación o colocación | Estado dañado | No para préstamo | Código de colección | Localización permanente | Ubicación/localización actual | Ubicación en estantería | Fecha de adquisición | Signatura topográfica completa | Código de barras | Fecha visto por última vez | Precio válido a partir de | Tipo de ítem Koha |
|---|---|---|---|---|---|---|---|---|---|---|---|---|---|---|
| Library of Congress Classification | Disponible (Préstamo en sala) | Libros de texto gratuitos | Bib. Gregorio Torres Quintero | Bib. Gregorio Torres Quintero | Colecciones especiales Planta alta | 15/08/2023 | LB1578.369 P65 T55 2001 | 197108 | 15/08/2023 | 15/08/2023 | Libro |
